| Tag |
First Indicator |
Second Indicator |
Subfields |
| LEADER |
00000cam a22000008a 4500 |
| 001 |
in00004457590 |
| 005 |
20191202121131.0 |
| 008 |
870430s1988 nyua b 00110 eng |
| 010 |
|
|
|a 87047595
|
| 020 |
|
|
|a 0801420873 (pbk.)
|
| 020 |
|
|
|a 0801494125 (pbk.)
|
| 035 |
|
|
|a (OCoLC)15696265
|
| 035 |
|
|
|9 AAA7586MS
|
| 035 |
|
|
|z (UtOrBLW)3131
|
| 035 |
|
|
|a 4738
|
| 040 |
|
|
|a DLC
|c DLC
|d m/c
|d TMV
|d UtOrBLW
|
| 049 |
|
|
|a TMVM
|c 1
|
| 050 |
0 |
0 |
|a QL737.P9
|b D76 1987
|
| 059 |
|
|
|l MS/BOOK STKS
|v 3
|z 1
|t BOOK
|k CIRCULATING
|i 323890082469B
|n NL
|a QL 737 P9
|b D899p 1988
|
| 060 |
|
4 |
|a QL 737 P9
|b D899p 1988
|
| 100 |
1 |
|
|a Dunbar, R. I. M.
|q (Robin Ian MacDonald),
|d 1947-
|
| 245 |
1 |
0 |
|a Primate social systems /
|c by Robin I.M. Dunbar.
|
| 264 |
|
1 |
|a Ithaca, N.Y. :
|b Comstock Publishing Associates,
|c 1988.
|
| 300 |
|
|
|a vii, 373 pages :
|b illustrations ;
|c 24 cm.
|
| 336 |
|
|
|a text
|2 rdacontent
|b txt
|
| 337 |
|
|
|a unmediated
|2 rdamedia
|
| 338 |
|
|
|a volume
|2 rdacarrier
|b nc
|
| 500 |
|
|
|a Includes index.
|
| 504 |
|
|
|a Bibliography: pages 330-370.
|
| 650 |
|
2 |
|a Primates.
|
| 650 |
|
2 |
|a Social Behavior.
|
| 650 |
|
2 |
|a Behavior, Animal.
|
| 940 |
|
|
|a copy plain
|
| 999 |
|
|
|a MARS
|
| 999 |
f |
f |
|s a303ee55-2afb-3840-9e88-69029e6ff7c4
|i 802eb6ea-d034-3feb-af00-7c897b54219e
|t 0
|
| 952 |
f |
f |
|p preservation
|a Texas A&M University
|b J.J. Pickle Campus
|c High Density Repository
|d Remote Storage
|t 0
|e QL 737 P9 D899p 1988
|h National Library of Medicine classification
|i unmediated -- volume
|m 323890082469B
|
| 998 |
f |
f |
|a QL 737 P9 D899p 1988
|t 0
|l Remote Storage
|